[Event "Agen 2017 - Vétérans"]
[Site "?"]
[Date "2017.08.24"]
[Round "6.1"]
[White "Saucey, Michel"]
[Black "Gervasio, Ricardo"]
[Result "0-1"]
[LiveChessVersion "1.4.8"]
[BlackElo "2215"]
[WhiteElo "2292"]

1. d4 {[%clk 1:30:56]} d5 {[%clk 1:29:23]} 2. c4 {[%clk 1:31:08]} c6
{[%clk 1:29:44]} 3. e3 {[%clk 1:31:30]} Nf6 {[%clk 1:30:10]} 4. Nc3
{[%clk 1:31:39]} a6 {[%clk 1:28:23]} 5. Nf3 {[%clk 1:28:16]} e6 {[%clk 1:21:29]}
6. Qc2 {[%clk 1:24:18]} Bb4 {[%clk 1:19:37]} 7. Bd2 {[%clk 1:20:18]} b5
{[%clk 1:15:38]} 8. b3 {[%clk 1:17:13]} Nbd7 {[%clk 1:12:52]} 9. Bd3
{[%clk 1:15:13]} bxc4 {[%clk 1:03:37]} 10. bxc4 {[%clk 1:15:37]} dxc4
{[%clk 1:03:53]} 11. Bxc4 {[%clk 1:16:01]} c5 {[%clk 1:04:17]} 12. dxc5
{[%clk 0:57:49]} Bxc5 {[%clk 1:01:11]} 13. O-O {[%clk 0:51:02]} Bb7
{[%clk 1:01:04]} 14. Rfd1 {[%clk 0:37:27]} Qc7 {[%clk 1:00:21]} 15. Be2
{[%clk 0:35:09]} Bd6 {[%clk 0:59:45]} 16. Qa4 {[%clk 0:29:56]} O-O
{[%clk 0:56:44]} 17. Rac1 {[%clk 0:27:18]} Nc5 {[%clk 0:56:32]} 18. Qh4
{[%clk 0:26:06]} Qe7 {[%clk 0:56:37]} 19. Be1 {[%clk 0:22:11]} Rac8
{[%clk 0:45:36]} 20. Nd4 {[%clk 0:22:30]} Rc7 {[%clk 0:37:06]} 21. Bf3
{[%clk 0:20:46]} Bxf3 {[%clk 0:36:51]} 22. gxf3 {[%clk 0:19:03]} Rfc8
{[%clk 0:36:17]} 23. Rb1 {[%clk 0:19:24]} h6 {[%clk 0:33:15]} 24. Nce2
{[%clk 0:17:17]} Ncd7 {[%clk 0:33:15]} 25. f4 {[%clk 0:14:38]} Nf8
{[%clk 0:32:28]} 26. Ng3 {[%clk 0:14:36]} Ng6 {[%clk 0:32:49]} 27. Qh3
{[%clk 0:15:01]} Bc5 {[%clk 0:26:36]} 28. Ba5 {[%clk 0:11:10]} Rd7
{[%clk 0:26:57]} 29. Bb6 {[%clk 0:11:12]} Bxb6 {[%clk 0:23:51]} 30. Rxb6
{[%clk 0:11:40]} Qc5 {[%clk 0:23:20]} 31. Rbb1 {[%clk 0:09:57]} Nxf4
{[%clk 0:23:40]} 32. Qf1 {[%clk 0:10:22]} N4d5 {[%clk 0:22:08]} 33. Rdc1
{[%clk 0:06:24]} Qf8 {[%clk 0:22:25]} 34. Qxa6 {[%clk 0:06:02]} Ra8
{[%clk 0:21:47]} 35. Qe2 {[%clk 0:04:37]} Rda7 {[%clk 0:19:38]} 36. Rb2
{[%clk 0:04:44]} Ra4 {[%clk 0:19:28]} 37. Qd2 {[%clk 0:03:58]} h5
{[%clk 0:19:23]} 38. e4 {[%clk 0:02:49]} Nf4 {[%clk 0:19:03]} 39. Qxf4
{[%clk 0:03:02]} Rxd4 {[%clk 0:19:28]} 40. Qe5 {[%clk 0:32:32]} Qd8
{[%clk 0:49:52]} 41. Rcb1 {[%clk 0:28:44]} Rd1+ {[%clk 0:49:43]} 42. Nf1
{[%clk 0:18:07]} Rxb1 {[%clk 0:49:54]} 43. Rxb1 {[%clk 0:18:36]} Qd3
{[%clk 0:47:27]} 44. Rb8+ {[%clk 0:17:07]} Rxb8 {[%clk 0:44:19]} 45. Qxb8+
{[%clk 0:17:35]} Kh7 {[%clk 0:44:47]} 46. Qc7 {[%clk 0:17:58]} Qxe4
{[%clk 0:36:49]} 47. Qxf7 {[%clk 0:18:18]} Qg4+ {[%clk 0:35:21]} 48. Kh1
{[%clk 0:18:10]} Qc4 {[%clk 0:35:43]} 49. Ne3 {[%clk 0:17:17]} Qxa2
{[%clk 0:29:51]} 50. Kg2 {[%clk 0:17:25]} Qa8+ {[%clk 0:30:00]} 51. Kg1
{[%clk 0:16:45]} Qe4 {[%clk 0:30:03]} 52. h3 {[%clk 0:15:08]} h4 {[%clk 0:27:57]}
53. Kh2 {[%clk 0:06:48]} Qf3 {[%clk 0:14:27]} 54. Qxe6 {[%clk 0:07:11]} Qxf2+
{[%clk 0:14:47]} 55. Ng2 {[%clk 0:07:11]} Qg3+ {[%clk 0:13:53]} 56. Kg1
{[%clk 0:06:42]} Kh6 {[%clk 0:13:55]} 57. Qc4 {[%clk 0:05:10]} g5
{[%clk 0:13:05]} 58. Qc6 {[%clk 0:04:27]} Kg7 {[%clk 0:13:02]} 59. Qb7+
{[%clk 0:04:25]} Kg6 {[%clk 0:13:21]} 60. Qb1+ {[%clk 0:04:28]} Kh6
{[%clk 0:13:43]} 61. Qb6 {[%clk 0:04:07]} Kg6 {[%clk 0:11:04]} 62. Qb1+
{[%clk 0:04:31]} Kf7 {[%clk 0:10:11]} 63. Qb7+ {[%clk 0:04:35]} Ke6
{[%clk 0:10:10]} 64. Qc8+ {[%clk 0:04:40]} Ke7 {[%clk 0:10:11]} 65. Qb7+
{[%clk 0:04:51]} Nd7 {[%clk 0:10:06]} 66. Qb4+ {[%clk 0:04:22]} Kf6
{[%clk 0:09:58]} 67. Qd4+ {[%clk 0:03:29]} Ne5 {[%clk 0:10:13]} 68. Qd8+
{[%clk 0:03:44]} Kf7 {[%clk 0:09:14]} 69. Qc7+ {[%clk 0:03:48]} Kg6
{[%clk 0:09:32]} 70. Qc8 {[%clk 0:02:23]} g4 {[%clk 0:06:23]} 71. Qg8+
{[%clk 0:02:31]} Kf5 {[%clk 0:06:13]} 72. Qh7+ {[%clk 0:02:00]} Ke6
{[%clk 0:05:38]} 73. Qxh4 {[%clk 0:02:10]} Nf3+ {[%clk 0:06:07]} 0-1

[Event "Agen 2017 - Vétérans"]
[Site "?"]
[Date "2017.08.24"]
[Round "6.2"]
[White "Goldenberg, Richard"]
[Black "Vareille, Francois"]
[Result "1-0"]
[LiveChessVersion "1.4.8"]
[BlackElo "2424"]
[WhiteElo "2216"]

1. d4 {[%clk 1:30:58]} Nf6 {[%clk 1:30:25]} 2. c4 {[%clk 1:31:27]} g6
{[%clk 1:29:58]} 3. f3 {[%clk 1:31:49]} Nc6 {[%clk 1:26:54]} 4. e4
{[%clk 1:20:27]} e5 {[%clk 1:25:15]} 5. Ne2 {[%clk 1:16:19]} exd4
{[%clk 1:17:21]} 6. Nxd4 {[%clk 1:16:47]} Bg7 {[%clk 1:17:00]} 7. Be3
{[%clk 1:15:34]} O-O {[%clk 1:15:31]} 8. Nc3 {[%clk 1:16:02]} Re8
{[%clk 1:13:41]} 9. Be2 {[%clk 1:12:50]} Nh5 {[%clk 1:09:48]} 10. O-O
{[%clk 1:05:37]} f5 {[%clk 1:05:23]} 11. f4 {[%clk 0:58:08]} Nf6 {[%clk 1:00:52]}
12. e5 {[%clk 0:58:14]} Ng4 {[%clk 0:59:51]} 13. Bxg4 {[%clk 0:54:23]} fxg4
{[%clk 0:59:25]} 14. Nd5 {[%clk 0:44:35]} a6 {[%clk 0:53:37]} 15. c5
{[%clk 0:40:06]} Ne7 {[%clk 0:46:21]} 16. Qb3 {[%clk 0:38:07]} Nxd5
{[%clk 0:46:14]} 17. Qxd5+ {[%clk 0:38:33]} Kh8 {[%clk 0:46:26]} 18. Rae1
{[%clk 0:36:12]} Rb8 {[%clk 0:43:56]} 19. Bf2 {[%clk 0:34:33]} Rf8
{[%clk 0:38:01]} 20. Bg3 {[%clk 0:32:36]} b6 {[%clk 0:35:23]} 21. c6
{[%clk 0:26:30]} Qe8 {[%clk 0:33:57]} 22. f5 {[%clk 0:21:34]} gxf5
{[%clk 0:27:09]} 23. Rxf5 {[%clk 0:14:04]} dxc6 {[%clk 0:23:44]} 24. Rxf8+
{[%clk 0:14:22]} Bxf8 {[%clk 0:16:08]} 25. Qxc6 {[%clk 0:14:09]} Bb7
{[%clk 0:11:47]} 26. Qxc7 {[%clk 0:13:25]} Bc5 {[%clk 0:11:58]} 27. Bf2
{[%clk 0:13:40]} Qd8 {[%clk 0:10:32]} 28. Qxd8+ {[%clk 0:12:55]} Rxd8
{[%clk 0:11:01]} 29. Ne6 {[%clk 0:10:20]} Bxf2+ {[%clk 0:11:07]} 30. Kxf2
{[%clk 0:10:49]} Rd2+ {[%clk 0:10:01]} 31. Re2 {[%clk 0:11:17]} Rxe2+
{[%clk 0:10:15]} 32. Kxe2 {[%clk 0:11:43]} Bxg2 {[%clk 0:10:30]} 33. Nc7
{[%clk 0:11:54]} Kg7 {[%clk 0:09:48]} 34. Ke3 {[%clk 0:10:53]} a5
{[%clk 0:06:39]} 35. Kf4 {[%clk 0:11:05]} h5 {[%clk 0:04:16]} 36. Kg5
{[%clk 0:10:58]} Bf3 {[%clk 0:03:21]} 37. Ne6+ {[%clk 0:10:04]} Kf7
{[%clk 0:01:35]} 38. Nf4 {[%clk 0:10:32]} a4 {[%clk 0:01:11]} 39. a3
{[%clk 0:10:19]} Ke7 {[%clk 0:01:34]} 40. Kf5 {[%clk 0:39:13]} h4
{[%clk 0:31:06]} 41. Ng6+ {[%clk 0:39:30]} Kd7 {[%clk 0:30:42]} 42. Nxh4
{[%clk 0:39:31]} Kc6 {[%clk 0:31:02]} 43. h3 {[%clk 0:34:18]} 1-0

[Event "Agen 2017 - Vétérans"]
[Site "?"]
[Date "2017.08.24"]
[Round "6.3"]
[White "Prie, Eric"]
[Black "Hodot, Yves"]
[Result "1-0"]
[LiveChessVersion "1.4.8"]
[BlackElo "1774"]
[WhiteElo "2481"]

1. d4 {[%clk 1:30:58]} f5 {[%clk 1:30:13]} 2. Bg5 {[%clk 1:31:04]} c6
{[%clk 1:29:57]} 3. e3 {[%clk 1:27:13]} Qb6 {[%clk 1:27:47]} 4. b3
{[%clk 1:24:47]} g6 {[%clk 1:25:21]} 5. Bd3 {[%clk 1:18:44]} d6 {[%clk 1:23:05]}
6. Nd2 {[%clk 1:14:15]} Bg7 {[%clk 1:19:59]} 7. Ne2 {[%clk 1:10:38]} Nh6
{[%clk 1:16:08]} 8. f3 {[%clk 1:08:57]} Nf7 {[%clk 1:12:58]} 9. Bh4
{[%clk 1:09:21]} Na6 {[%clk 1:09:36]} 10. c3 {[%clk 1:08:55]} Bd7
{[%clk 0:57:38]} 11. O-O {[%clk 1:08:51]} d5 {[%clk 0:56:22]} 12. a4
{[%clk 1:03:16]} c5 {[%clk 0:46:31]} 13. a5 {[%clk 1:02:19]} Qc6 {[%clk 0:42:05]}
14. f4 {[%clk 1:00:53]} Nc7 {[%clk 0:34:08]} 15. Nf3 {[%clk 1:00:48]} h6
{[%clk 0:29:00]} 16. Ne5 {[%clk 1:00:23]} Qe6 {[%clk 0:18:58]} 17. Bg3
{[%clk 0:57:03]} O-O {[%clk 0:16:51]} 18. Nxd7 {[%clk 0:48:23]} Qxd7
{[%clk 0:16:51]} 19. dxc5 {[%clk 0:48:42]} e5 {[%clk 0:13:04]} 20. b4
{[%clk 0:49:00]} Rfb8 {[%clk 0:07:07]} 21. Qd2 {[%clk 0:49:08]} b6
{[%clk 0:03:51]} 22. axb6 {[%clk 0:47:56]} axb6 {[%clk 0:04:02]} 23. cxb6
{[%clk 0:47:24]} Rxa1 {[%clk 0:03:18]} 24. Rxa1 {[%clk 0:47:46]} Rxb6
{[%clk 0:03:36]} 25. Ra7 {[%clk 0:47:45]} e4 {[%clk 0:02:36]} 26. Bc4
{[%clk 0:44:28]} Rd6 {[%clk 0:02:01]} 27. Bb3 {[%clk 0:44:29]} Qc6
{[%clk 0:01:56]} 28. Ra5 {[%clk 0:42:21]} Nd8 {[%clk 0:00:50]} 29. Bh4
{[%clk 0:33:45]} Nb7 {[%clk 0:01:02]} 30. Ra2 {[%clk 0:34:04]} Ne6
{[%clk 0:00:53]} 31. h3 {[%clk 0:31:21]} Kh7 {[%clk 0:01:12]} 32. g4
{[%clk 0:30:33]} Qb6 {[%clk 0:01:07]} 33. gxf5 {[%clk 0:30:16]} gxf5
{[%clk 0:01:35]} 34. Kh2 {[%clk 0:30:24]} Nc7 {[%clk 0:01:41]} 35. Ng3
{[%clk 0:16:29]} Rc6 {[%clk 0:01:43]} 36. Rc2 {[%clk 0:15:22]} Kg6
{[%clk 0:00:51]} 37. Qg2 {[%clk 0:13:38]} Kh7 {[%clk 0:00:45]} 38. Nxf5
{[%clk 0:13:51]} Rg6 {[%clk 0:00:48]} 39. Qd2 {[%clk 0:13:58]} Qb5
{[%clk 0:00:38]} 40. Ne7 {[%clk 0:36:26]} Nc5 {[%clk 0:30:34]} 41. Bxd5
{[%clk 0:34:38]} Nxd5 {[%clk 0:28:09]} 42. Qxd5 1-0

[Event "Agen 2017 - Vétérans"]
[Site "?"]
[Date "2017.08.24"]
[Round "6.4"]
[White "Faber, Michel"]
[Black "Fauvet, Emmanuel"]
[Result "1-0"]
[LiveChessVersion "1.4.8"]
[BlackElo "2051"]
[WhiteElo "2097"]

1. c4 {[%clk 1:30:56]} e5 {[%clk 1:30:47]} 2. Nc3 {[%clk 1:31:09]} f5
{[%clk 1:31:09]} 3. g3 {[%clk 1:30:00]} Nc6 {[%clk 1:31:32]} 4. Bg2
{[%clk 1:29:44]} Nf6 {[%clk 1:31:55]} 5. e3 {[%clk 1:29:01]} d5 {[%clk 1:32:14]}
6. cxd5 {[%clk 1:21:07]} Nb4 {[%clk 1:32:01]} 7. d4 {[%clk 1:14:43]} e4
{[%clk 1:32:12]} 8. Bf1 {[%clk 1:13:20]} Nfxd5 {[%clk 1:26:43]} 9. a3
{[%clk 1:10:17]} Nxc3 {[%clk 1:12:17]} 10. bxc3 {[%clk 1:10:10]} Nd5
{[%clk 1:12:41]} 11. c4 {[%clk 1:07:25]} Nf6 {[%clk 1:12:57]} 12. Nh3
{[%clk 1:00:08]} c6 {[%clk 1:12:15]} 13. Be2 {[%clk 0:59:44]} Bd6
{[%clk 1:04:26]} 14. Nf4 {[%clk 0:48:36]} Bxf4 {[%clk 0:58:30]} 15. exf4
{[%clk 0:48:00]} O-O {[%clk 0:55:43]} 16. O-O {[%clk 0:48:10]} Kh8
{[%clk 0:51:30]} 17. Be3 {[%clk 0:46:27]} b6 {[%clk 0:39:30]} 18. Qc2
{[%clk 0:42:14]} Bd7 {[%clk 0:35:30]} 19. a4 {[%clk 0:41:06]} Qe8
{[%clk 0:35:12]} 20. Rfb1 {[%clk 0:41:02]} Rb8 {[%clk 0:35:14]} 21. h3
{[%clk 0:36:34]} a6 {[%clk 0:35:35]} 22. Rb2 {[%clk 0:25:17]} Qd8
{[%clk 0:30:15]} 23. Rab1 {[%clk 0:25:00]} Qc7 {[%clk 0:30:28]} 24. Qb3
{[%clk 0:19:28]} Rb7 {[%clk 0:30:21]} 25. d5 {[%clk 0:17:07]} c5 {[%clk 0:30:37]}
26. Qa3 {[%clk 0:17:05]} Rfb8 {[%clk 0:30:18]} 27. Kg2 {[%clk 0:14:09]} Ne8
{[%clk 0:30:39]} 28. a5 {[%clk 0:13:43]} b5 {[%clk 0:17:01]} 29. Qxc5
{[%clk 0:13:36]} Qxc5 {[%clk 0:15:53]} 30. Bxc5 {[%clk 0:14:00]} Nc7
{[%clk 0:16:00]} 31. Bd6 {[%clk 0:12:27]} Rc8 {[%clk 0:14:43]} 32. Be5
{[%clk 0:11:48]} h6 {[%clk 0:14:52]} 33. Bxc7 {[%clk 0:09:22]} Rcxc7
{[%clk 0:14:45]} 34. cxb5 {[%clk 0:09:44]} Bxb5 {[%clk 0:14:37]} 35. Bxb5
{[%clk 0:10:09]} axb5 {[%clk 0:15:01]} 36. Rxb5 {[%clk 0:10:30]} Ra7
{[%clk 0:15:19]} 37. d6 {[%clk 0:08:44]} Rd7 {[%clk 0:15:31]} 38. Rxf5
{[%clk 0:08:28]} Rxd6 {[%clk 0:15:33]} 39. Rb6 {[%clk 0:06:39]} Rd4
{[%clk 0:15:07]} 40. a6 {[%clk 0:35:45]} Ra4 {[%clk 0:45:31]} 41. Re5
{[%clk 0:36:01]} R7xa6 {[%clk 0:45:21]} 42. Rxa6 {[%clk 0:36:12]} Rxa6
{[%clk 0:45:43]} 43. Rxe4 {[%clk 0:35:46]} Ra7 {[%clk 0:41:45]} 44. f5
{[%clk 0:34:56]} Kg8 {[%clk 0:41:44]} 45. g4 {[%clk 0:30:51]} Kf7
{[%clk 0:41:20]} 46. Kg3 Ra1 {[%clk 0:40:31]} 47. h4 {[%clk 0:25:03]} Kf6
{[%clk 0:39:04]} 48. Re6+ {[%clk 0:24:33]} Kf7 {[%clk 0:39:25]} 49. f3
{[%clk 0:22:55]} Ra5 {[%clk 0:38:55]} 50. Kf4 {[%clk 0:22:48]} Ra1
{[%clk 0:32:19]} 51. h5 {[%clk 0:19:22]} Ra4+ {[%clk 0:28:17]} 52. Kg3
{[%clk 0:19:50]} Ra3 {[%clk 0:27:13]} 53. Rg6 {[%clk 0:20:11]} Ra5
{[%clk 0:27:04]} 54. f6 {[%clk 0:16:39]} gxf6 {[%clk 0:27:24]} 55. Rxh6
{[%clk 0:16:55]} Rg5 {[%clk 0:26:32]} 56. Rh7+ {[%clk 0:17:07]} Kg8
{[%clk 0:26:44]} 57. Rd7 {[%clk 0:17:16]} Rc5 {[%clk 0:26:10]} 58. Kf4
{[%clk 0:16:48]} Rc3 {[%clk 0:26:03]} 59. Kf5 {[%clk 0:16:18]} Rxf3+
{[%clk 0:23:34]} 1-0

[Event "Agen 2017 - Open A"]
[Site "?"]
[Date "2017.08.24"]
[Round "6.1"]
[White "Fruchard, Cyrille"]
[Black "Vedovotto, Nicolas"]
[Result "1/2-1/2"]
[LiveChessVersion "1.4.8"]
[BlackElo "2120"]
[WhiteElo "2168"]

1. d4 {[%clk 1:30:57]} Nc6 {[%clk 1:30:45]} 2. c4 {[%clk 1:28:16]} e5
{[%clk 1:31:07]} 3. d5 {[%clk 1:27:44]} Nce7 {[%clk 1:31:29]} 4. e4
{[%clk 1:25:39]} Ng6 {[%clk 1:31:43]} 5. Nf3 {[%clk 1:19:04]} Nf6
{[%clk 1:32:06]} 6. Bd3 {[%clk 1:15:56]} Bc5 {[%clk 1:32:28]} 7. Nc3
{[%clk 1:15:11]} O-O {[%clk 1:31:58]} 8. O-O {[%clk 1:11:31]} d6 {[%clk 1:31:59]}
9. Na4 {[%clk 1:06:49]} b6 {[%clk 1:32:12]} 10. Nxc5 {[%clk 1:05:22]} bxc5
{[%clk 1:32:35]} 11. Qc2 {[%clk 1:04:15]} h6 {[%clk 1:31:11]} 12. Bd2
{[%clk 0:55:49]} a5 {[%clk 1:28:43]} 13. Rfb1 {[%clk 0:44:46]} Nxe4
{[%clk 1:09:04]} 14. Bxe4 {[%clk 0:43:49]} f5 {[%clk 1:09:30]} 15. Be3
{[%clk 0:34:27]} fxe4 {[%clk 1:09:18]} 16. Nd2 {[%clk 0:34:45]} Nh4
{[%clk 0:59:42]} 17. Nxe4 {[%clk 0:33:20]} Qe8 {[%clk 0:59:44]} 18. Ng3
{[%clk 0:29:54]} Bf5 {[%clk 0:50:37]} 19. Nxf5 {[%clk 0:28:46]} Rxf5
{[%clk 0:49:03]} 20. Qe4 {[%clk 0:27:15]} Qe7 {[%clk 0:43:10]} 21. a3
{[%clk 0:26:09]} Raf8 {[%clk 0:41:17]} 22. b4 {[%clk 0:20:32]} Qf6
{[%clk 0:37:58]} 23. Ra2 {[%clk 0:16:29]} axb4 {[%clk 0:31:16]} 24. axb4
{[%clk 0:16:11]} cxb4 {[%clk 0:31:35]} 25. Kh1 {[%clk 0:10:55]} Ng6
{[%clk 0:18:59]} 26. Rxb4 {[%clk 0:08:27]} Nf4 {[%clk 0:17:24]} 27. Rb7
{[%clk 0:06:34]} Qf7 {[%clk 0:15:22]} 28. Rab2 {[%clk 0:02:14]} Rh5
{[%clk 0:08:41]} 29. f3 {[%clk 0:00:36]} Ng6 {[%clk 0:05:04]} 30. Rb8
{[%clk 0:00:45]} Kh7 {[%clk 0:04:31]} 31. Rxf8 {[%clk 0:01:04]} Qxf8
{[%clk 0:04:57]} 32. g3 {[%clk 0:01:12]} Rf5 {[%clk 0:05:13]} 33. Kg2
{[%clk 0:01:25]} Qc8 {[%clk 0:04:37]} 34. h4 {[%clk 0:01:25]} Kg8
{[%clk 0:04:34]} 35. Ra2 {[%clk 0:01:33]} Rf6 {[%clk 0:03:27]} 36. Ra7
{[%clk 0:01:42]} Qb8 {[%clk 0:03:26]} 37. Qc2 {[%clk 0:01:31]} Ne7
{[%clk 0:03:22]} 38. Bf2 {[%clk 0:01:11]} Rf8 {[%clk 0:01:50]} 39. Ra3
{[%clk 0:00:58]} Qb4 {[%clk 0:01:39]} 40. Rb3 {[%clk 0:31:00]} Qa4
{[%clk 0:31:38]} 1/2-1/2

[Event "Agen 2017 - Open A"]
[Site "?"]
[Date "2017.08.24"]
[Round "6.3"]
[White "Attard, Leopold"]
[Black "El Mchaouri Mas, Younes"]
[Result "1-0"]
[LiveChessVersion "1.4.8"]
[BlackElo "2165"]
[WhiteElo "2109"]

1. d4 {[%clk 1:30:57]} Nf6 {[%clk 1:30:29]} 2. c4 {[%clk 1:31:23]} g6
{[%clk 1:30:38]} 3. Nc3 {[%clk 1:31:48]} Bg7 {[%clk 1:31:03]} 4. e4
{[%clk 1:32:15]} d6 {[%clk 1:31:28]} 5. Nf3 {[%clk 1:32:41]} O-O {[%clk 1:31:54]}
6. Be2 {[%clk 1:33:08]} e5 {[%clk 1:31:24]} 7. O-O {[%clk 1:33:14]} exd4
{[%clk 1:31:43]} 8. Nxd4 {[%clk 1:33:36]} Re8 {[%clk 1:32:09]} 9. f3
{[%clk 1:33:46]} c6 {[%clk 1:32:35]} 10. Bg5 {[%clk 1:33:38]} Qa5
{[%clk 1:03:36]} 11. Bh4 {[%clk 1:26:33]} Nfd7 {[%clk 0:53:09]} 12. Qd2
{[%clk 0:59:42]} Na6 {[%clk 0:40:56]} 13. Rad1 {[%clk 0:56:35]} Qc7
{[%clk 0:27:43]} 14. Nc2 {[%clk 0:50:33]} Be5 {[%clk 0:22:55]} 15. Kh1
{[%clk 0:39:09]} Nf8 {[%clk 0:12:32]} 16. Ne3 {[%clk 0:30:49]} f5
{[%clk 0:12:20]} 17. exf5 {[%clk 0:24:28]} Bf4 {[%clk 0:10:48]} 18. Ne4
{[%clk 0:24:58]} Bxf5 {[%clk 0:09:55]} 19. Nf6+ {[%clk 0:22:50]} Kf7
{[%clk 0:10:05]} 20. Ne4 {[%clk 0:19:28]} Qb6 {[%clk 0:07:54]} 21. c5
{[%clk 0:16:23]} Nxc5 {[%clk 0:07:17]} 22. Nxd6+ {[%clk 0:15:52]} Bxd6
{[%clk 0:02:20]} 23. Nc4 {[%clk 0:14:33]} Qc7 {[%clk 0:00:35]} 24. Nxd6+
{[%clk 0:14:46]} Qd8 25. Ne4 Qc7 1-0

[Event "Agen 2017 - Open A"]
[Site "?"]
[Date "2017.08.24"]
[Round "6.4"]
[White "Caloone, Thomas"]
[Black "Monpeurt, Cyrielle"]
[Result "1/2-1/2"]
[LiveChessVersion "1.4.8"]
[BlackElo "2135"]
[WhiteElo "2162"]

1. e4 {[%clk 1:22:35]} e5 {[%clk 1:30:50]} 2. Nf3 {[%clk 1:22:57]} Nc6
{[%clk 1:31:11]} 3. Bb5 {[%clk 1:23:23]} Nf6 {[%clk 1:30:33]} 4. O-O
{[%clk 1:21:03]} Nxe4 {[%clk 1:29:26]} 5. d4 {[%clk 1:14:45]} Nd6
{[%clk 1:29:10]} 6. Bxc6 {[%clk 1:13:13]} dxc6 {[%clk 1:29:30]} 7. dxe5
{[%clk 1:13:33]} Nf5 {[%clk 1:29:45]} 8. Qxd8+ {[%clk 1:13:56]} Kxd8
{[%clk 1:30:12]} 9. Nc3 {[%clk 1:10:15]} Ke8 {[%clk 1:22:13]} 10. h3
{[%clk 1:08:03]} b6 {[%clk 1:16:21]} 11. Rd1 {[%clk 1:05:36]} Bb7
{[%clk 1:11:44]} 12. Bf4 {[%clk 1:05:36]} Rc8 {[%clk 1:08:04]} 13. g4
{[%clk 1:04:22]} Ne7 {[%clk 1:07:31]} 14. e6 {[%clk 1:02:47]} fxe6
{[%clk 1:05:39]} 15. Ng5 {[%clk 0:59:40]} Nd5 {[%clk 1:05:32]} 16. Nxe6
{[%clk 1:00:02]} Nxf4 {[%clk 1:05:17]} 17. Nxf4 {[%clk 0:52:42]} Bd6
{[%clk 1:04:06]} 18. Ne6 {[%clk 0:51:27]} Kf7 {[%clk 1:04:07]} 19. Ng5+
{[%clk 0:51:22]} Kg6 {[%clk 1:09:25]} 20. Nce4 {[%clk 0:49:25]} Be5
{[%clk 1:03:13]} 21. c3 {[%clk 0:47:29]} c5 {[%clk 1:01:46]} 22. Nf3
{[%clk 0:46:04]} Rhe8 {[%clk 0:58:58]} 23. Nxe5+ {[%clk 0:43:02]} Rxe5
{[%clk 0:57:02]} 24. Ng3 {[%clk 0:42:55]} Bc6 {[%clk 0:56:40]} 25. Re1
{[%clk 0:38:30]} Rxe1+ {[%clk 0:56:30]} 26. Rxe1 {[%clk 0:38:53]} Re8
{[%clk 0:56:54]} 27. Rxe8 {[%clk 0:38:58]} Bxe8 {[%clk 0:57:17]} 28. f4
{[%clk 0:35:22]} Bc6 {[%clk 0:56:07]} 29. Kf2 {[%clk 0:35:29]} Kf6
{[%clk 0:56:04]} 30. Ke3 {[%clk 0:35:51]} Bd5 {[%clk 0:54:56]} 31. a3
{[%clk 0:35:22]} h6 {[%clk 0:54:35]} 32. Nh5+ {[%clk 0:35:43]} Kf7
{[%clk 0:54:27]} 33. Ng3 {[%clk 0:35:52]} Kf6 {[%clk 0:54:13]} 34. Nh5+
{[%clk 0:35:23]} Kf7 {[%clk 0:54:22]} 35. Ng3 {[%clk 0:35:31]} Kf6
{[%clk 0:54:26]} 36. Ke4 Ke5+ 1/2-1/2

[Event "Agen 2017 - Open B"]
[Site "?"]
[Date "2017.08.24"]
[Round "6.1"]
[White "Pinson, Alexis"]
[Black "Nguyen-Cadoret, Nathan"]
[Result "0-1"]
[LiveChessVersion "1.4.8"]
[BlackElo "1873"]
[WhiteElo "1781"]

1. e4 {[%clk 1:30:49]} e5 {[%clk 1:30:57]} 2. Nf3 {[%clk 1:30:55]} Nc6
{[%clk 1:31:24]} 3. d4 {[%clk 1:31:08]} exd4 {[%clk 1:31:51]} 4. Nxd4
{[%clk 1:31:22]} Bc5 {[%clk 1:32:15]} 5. Nb3 {[%clk 1:31:34]} Bb6
{[%clk 1:32:40]} 6. Nc3 {[%clk 1:31:10]} Nf6 {[%clk 1:32:16]} 7. Qe2
{[%clk 1:30:05]} O-O {[%clk 1:24:13]} 8. Be3 {[%clk 1:28:04]} Re8
{[%clk 1:24:08]} 9. f3 {[%clk 1:27:38]} d6 {[%clk 1:18:14]} 10. O-O-O
{[%clk 1:24:17]} Be6 {[%clk 1:13:55]} 11. h4 {[%clk 1:18:19]} Nh5
{[%clk 1:01:18]} 12. Qf2 {[%clk 1:04:54]} Bxe3+ {[%clk 0:54:56]} 13. Qxe3
{[%clk 1:05:13]} Ng3 {[%clk 0:55:14]} 14. Rh2 {[%clk 1:04:52]} Nxf1
{[%clk 0:55:06]} 15. Rxf1 {[%clk 1:05:07]} b5 {[%clk 0:44:44]} 16. Nxb5
{[%clk 0:59:02]} Bc4 {[%clk 0:43:40]} 17. Qc3 {[%clk 0:56:01]} Bxb5
{[%clk 0:43:40]} 18. Rd1 {[%clk 0:56:24]} Ne5 {[%clk 0:38:07]} 19. Rh3
{[%clk 0:55:51]} Bd7 {[%clk 0:37:41]} 20. Rg3 {[%clk 0:55:46]} Qxh4
{[%clk 0:34:45]} 21. f4 {[%clk 0:54:18]} Qxf4+ {[%clk 0:33:25]} 22. Kb1
{[%clk 0:54:44]} Re6 {[%clk 0:24:26]} 23. Rdd3 {[%clk 0:52:56]} Rg6
{[%clk 0:23:15]} 24. Rgf3 {[%clk 0:52:01]} Nxf3 {[%clk 0:21:43]} 25. Rxf3
{[%clk 0:52:21]} Qxe4 {[%clk 0:19:49]} 26. Qxc7 {[%clk 0:52:44]} Rxg2
{[%clk 0:19:50]} 27. Rf1 {[%clk 0:52:51]} Rc8 {[%clk 0:19:14]} 0-1